| 000 | 01805cam a22004817a 4500 | ||
|---|---|---|---|
| 001 | 000093182 | ||
| 003 | CHAP | ||
| 005 | 20220817044009.0 | ||
| 008 | 040223s2004 mx a r 00010 spa d | ||
| 010 | _a89648 | ||
| 011 | _a90620 | ||
| 035 | _a101176 | ||
| 040 | _cCHAP | ||
| 090 | _aTesis | ||
| 100 | 0 | 0 |
_aAlarcón Landa, Jesús. _93360 |
| 245 | 1 | 0 |
_aEstablecimiento de una unidad de manejo y conservación para el aprovechamiento de la vida silvestre (UMA), en el ejido el Ejido el Rosario, Tlax. / _c/por Jesús Alarcón Landa. |
| 260 |
_aChapingo, Méx. : _bEl autor, _c2004. |
||
| 300 |
_a79 h. : _bilus.; cuadros, mapas. |
||
| 502 | _aTesis (Ing. Agr. Esp. en Bosques ) -- UACH. División de Ciencias Forestales | ||
| 590 |
_aALEPH _b10 _c20130110 _lUCH01 _h1504 |
||
| 590 |
_aBATCH-UPD _b10 _c20130110 _lUCH01 _h0447 |
||
| 590 |
_aBATCH-UPD _b10 _c20130410 _lUCH01 _h0123 |
||
| 590 |
_aBATCH-UPD _b10 _c20130913 _lUCH01 _h2340 |
||
| 590 |
_aBATCH-UPD _b10 _c20140324 _lUCH01 _h1449 |
||
| 590 |
_aBATCH-UPD _b10 _c20141002 _lUCH01 _h0825 |
||
| 590 |
_aBATCH _b00 _c20181121 _lUCH01 _h0758 |
||
| 590 |
_aCONVERSION _b10 _c20130109 _lUCH01 _h1350 |
||
| 590 |
_aE12093SGE _b10 _c20130619 _lUCH01 _h1413 |
||
| 590 |
_aE6096MTM _b05 _c20141110 _lUCH01 _h0855 |
||
| 590 |
_aE6096MTM _b05 _c20141110 _lUCH01 _h0857 |
||
| 650 | 1 | 4 | _aCacería. |
| 650 | 1 | 4 |
_aPavos. _986300 |
| 650 | 1 | 4 |
_aRecursos naturales _xAprovechamiento. _995190 |
| 650 | 1 | 4 |
_aVenados. _9118663 |
| 650 | 1 | 4 |
_aVida silvestre _xConservación _zTlaxcala. _9119179 |
| 856 |
_3Finding aid _uhttp://10.13.5.2/tesis/101176.pdf _zTeclea aquí |
||
| 856 |
_a1 _n0000153 |
||
| 901 | _aBK | ||
| 942 | _cCD | ||
| 942 | _n0 | ||
| 949 |
_aTesis _bBC _cTES _d101176 _eTS1 _h42978 _i101176 _sb |
||
| 949 |
_aTesis _bBC _cTES _d33724000930426 _eTS2 _fc.2 _h42979 _i101176 _si |
||
| 999 |
_c89648 _d89648 |
||